000 00620nam a22002177a 4500
003 UA-OsUOA
001 49614
007 ta
008 20071010b un ||||| |||| 00| 0 ukr d
100 _aЗборовський Анатолій
090 _a94
_bЗ-11
942 _cSA
040 _aUA-OsUOA
_bukr
_cUA-OsUOA
_dUA-OsUOA
245 _aПолковник із залізної дивізії та його нащадки. (П. М. Забарило)
300 _aС.13
955 _a0
041 _aukr
080 _a94
773 0 _w49593
650 7 _a9 Географія. Біографії. Історія
_2UDC
999 _c335722
_d335722